000 00705nam a22002177a 4500
005 20240530110436.0
008 150328s2010 ua g 000 j ara d
017 _a2010/14505
_bمصر . دار الكتب المصرية
020 _a9772088509
040 _aEG-CaGPL
082 0 4 _221
_a813.083\
_bس ر
100 0 _aسارة فضل بخيت
245 1 0 _aرسائل من فكتوريا /
_cسارة فضل بخيت
250 _aط1
260 _aالقاهرة :
_bمكتبة مدبولى ،
_c2010
300 _a181 ص ؛
_c20 سم
650 0 4 _aالقصص القصيرة
650 0 4 _aالادب العربى
_xالقصص
942 _2ddc
_cBK
999 _c60955
_d60955